Los expresionistas / (Record no. 176849)

MARC details
000 -LEADER
campo de control de longitud fija 00874nam a22002531 4500
001 - NÚMERO DE CONTROL
campo de control 176849
003 - IDENTIFICADOR DE NÚMERO DE CONTROL
campo de control ES-MaACL
005 - FECHA Y HORA DE LA ÚLTIMA TRANSACCIÓN
campo de control 20230906220209.0
008 - DATOS DE LONGITUD FIJA--INFORMACIÓN GENERAL
campo de control de longitud fija 110215s1959 sp af ||||0| spa d
080 ## - NÚMERO DE LA CLASIFICACIÓN DECIMAL UNIVERSAL
Número de la Clasificación Decimal Universal 75.036.7
100 1# - ENTRADA PRINCIPAL--NOMBRE DE PERSONA
Nombre de persona Grohmann, Will.
9 (RLIN) 60117
245 14 - MENCIÓN DEL TÍTULO
Título Los expresionistas /
Mención de responsabilidad, etc. texto de Will Grohmann ; traducción de R. S. Torroella.
260 ## - PUBLICACIÓN, DISTRIBUCIÓN, ETC.
Lugar de publicación, distribución, etc. Barcelona :
Nombre del editor, distribuidor, etc. Timun Mas,
Fecha de publicación, distribución, etc. [1959?]
300 ## - DESCRIPCIÓN FÍSICA
Extensión [74] p. :
Otras características físicas il. , lám. col. y n. , algunas pleg. ;
Dimensiones 18 cm.
490 1# - MENCIÓN DE SERIE
Mención de serie El libro de arte de bolsillo
500 ## - NOTA GENERAL
Nota general Encuadernado con otros títulos.
504 ## - NOTA DE BIBLIOGRAFÍA, ETC.
Nota de bibliografía, etc. Bibliografía: p. [74]
597 ## - NOTA DE DESCRIPCIÓN FÍSICA
NOTA DE DESCRIPCIÓN FÍSICA En el lomo: Tomos XVI-XIX.
650 #4 - PUNTO DE ACCESO ADICIONAL DE MATERIA--TÉRMINO DE MATERIA
Término de materia o nombre geográfico como elemento de entrada Expresionismo (Arte)
9 (RLIN) 145189
700 1# - ENTRADA AGREGADA--NOMBRE PERSONAL
Nombre de persona Santos Torroella, Rafael.
9 (RLIN) 103536
830 0# - PUNTO DE ACCESO ADICIONAL DE SERIE-TÍTULO UNIFORME
Título uniforme El libro de arte de bolsillo
9 (RLIN) 183601
852 ## - LOCALIZACIÓN
Ubicación ES-MaACL
Número de control de estantería E-14308 (17)
Encuadernación Olim P-144
Holdings
Estatus retirado Estado de pérdida Estado de daño No para préstamo Biblioteca de origen Biblioteca actual Ubicación en estantería Fecha de adquisición Fuente de adquisición Total de préstamos Signatura topográfica completa Código de barras Visto por última vez Precio de reemplazo Tipo de ítem Koha
        Biblioteca del Ateneo de Madrid Biblioteca del Ateneo de Madrid Depósito 2 15/02/2011     E-14308 (17) 1185741 23/02/2023 23/02/2023 Libro impreso